Catálogo

GUSTAVO CISNEROS UN EMPRESARIO GLOBAL (Registro nro. 29888)

Detalles MARC
000 -LEADER
fixed length control field 00479nam a2200193 a 4500
001 - CONTROL NUMBER
control field 29888
005 - DATE AND TIME OF LATEST TRANSACTION
control field 20180713233017.0
008 - FIXED-LENGTH DATA ELEMENTS--GENERAL INFORMATION
fixed length control field 140415s2004 mx 000 0 spa d
020 ## - INTERNATIONAL STANDARD BOOK NUMBER
International Standard Book Number 8408049585
041 ## - LANGUAGE CODE
Language code of text/sound track or separate title spa
082 ## - DEWEY DECIMAL CLASSIFICATION NUMBER
Classification number 658.1
Item number BACH
100 1# - MAIN ENTRY--PERSONAL NAME
Personal name BACHELET, PABLO
245 10 - TITLE STATEMENT
Title GUSTAVO CISNEROS UN EMPRESARIO GLOBAL
250 ## - EDITION STATEMENT
Edition statement 1ª EDICIÓN
260 ## - PUBLICATION, DISTRIBUTION, ETC.
Place of publication, distribution, etc. MEXICO :
Name of publisher, distributor, etc. BROSMAC,
Date of publication, distribution, etc. 2004
300 ## - PHYSICAL DESCRIPTION
Extent
Dimensions x 2
520 ## - SUMMARY, ETC.
Summary, etc. CG
650 14 - SUBJECT ADDED ENTRY--TOPICAL TERM
Topical term or geographic name entry element ADMINISTRACION
Existencias
Withdrawn status Lost status Source of classification or shelving scheme Damaged status Not for loan Collection code Home library Current library Shelving location Date acquired Source of acquisition Total Checkouts Full call number Barcode Date last seen Price effective from Koha item type
    Dewey Decimal Classification     General Tehuacán Tehuacán Sala general 03/12/2013 Compra   658.1 BACH 504267 08/01/2025 03/12/2013 Libro